000 00593nam a22001937a 4500
003 OSt
005 20240627111901.0
008 240627b |||||||| |||| 00| 0 eng d
020 _a0333765206
040 _cMUST
082 _a324.2 COM 2000
245 _aComparative democratization and peaceful change in single-party-dominant countries /
_cedited by Marco Rimanelli
260 _aLondon
_bMacmillan
_c2000
300 _av,454p.:
_c24 cm.
504 _aIncludes bibliographical references and index
650 _aPolitics
_95723
700 _aRimanelli, Marco
_918212
942 _2ddc
_cO_SHELF
999 _c8981
_d8981